[Event "FIDE World Uni Rapid-C 1st"]
[Site "Tornelo INT"]
[Date "2021.03.21"]
[Round "11"]
[White "Badelka, Olga"]
[Black "Elistratov, Semen"]
[Result "1/2-1/2"]
[WhiteElo "2428"]
[BlackElo "2401"]
[PlyCount "53"]
[EventDate "2021.03.20"]
[EventType "swiss (rapid)"]
[EventRounds "12"]
[EventCountry "NET"]
[SourceTitle "CBM 201 Extra"]
[Source "ChessBase"]
[SourceDate "2021.05.31"]
[SourceVersion "1"]
[SourceVersionDate "2021.05.31"]
[SourceQuality "1"]

1. Nf3 d5 2. g3 g6 3. Bg2 Bg7 4. d4 Nf6 5. c4 dxc4 6. Na3 c3 7. bxc3 c5 8. 0-0 0-0 9. Rb1 Nc6 10. dxc5 Ne4 11. Bb2 Nxc3 12. Bxc3 Bxc3 13. Qc1 Bg7 14. Rd1 Qa5 15. Nb5 Bf5 16. Rb3 Be6 17. Nbd4 Bxb3 18. axb3 Rac8 19. e3 b6 20. Nxc6 Rxc6 21. Nd2 Rxc5 22. Qb1 Rd8 23. b4 Rb5 24. bxa5 Rxb1 25. Rxb1 Rxd2 26. axb6 axb6 27. Rxb6 1/2-1/2

[Event "FIDE World Uni Rapid-C 1st"]
[Site "Tornelo INT"]
[Date "2021.03.20"]
[Round "2"]
[White "Elistratov, Semen"]
[Black "Blakeman, Cole"]
[Result "1-0"]
[WhiteElo "2401"]
[BlackElo "1745"]
[PlyCount "69"]
[EventDate "2021.03.20"]
[EventType "swiss (rapid)"]
[EventRounds "12"]
[EventCountry "NET"]
[SourceTitle "CBM 201 Extra"]
[Source "ChessBase"]
[SourceDate "2021.05.31"]
[SourceVersion "1"]
[SourceVersionDate "2021.05.31"]
[SourceQuality "1"]

1. e4 c5 2. Nf3 Nc6 3. b3 e5 4. Nc3 g6 5. Nd5 Bg7 6. h4 h5 7. Bc4 Nf6 8. Bb2 Nxe4 9. Qe2 Nd6 10. Nxe5 0-0 11. Nxc6 dxc6 12. Bxg7 Kxg7 13. Ne3 Qf6 14. c3 Re8 15. 0-0-0 b5 16. Bd3 b4 17. Kb2 a5 18. Qf1 a4 19. g4 axb3 20. axb3 bxc3+ 21. dxc3 hxg4 22. h5 Bf5 23. hxg6 fxg6 24. Bxf5 Nxf5 25. Rd7+ Re7 26. Nxg4 Qg5 27. Qh3 Nh4 28. Ne3 Rh8 29. Rxe7+ Qxe7 30. Qg4 Qf7 31. Qg3 Nf5 32. Nxf5+ Qxf5 33. Qc7+ Kf6 34. Rxh8 Qxf2+ 35. Ka3 1-0

[Event "FIDE World Uni Blitz-D 1st"]
[Site "Tornelo INT"]
[Date "2021.03.13"]
[Round "3.24"]
[White "Deng, Haoyou"]
[Black "Elistratov, Semen"]
[Result "0-1"]
[WhiteElo "1672"]
[BlackElo "2401"]
[PlyCount "52"]
[EventDate "2021.03.13"]
[EventType "swiss (blitz)"]
[EventRounds "10"]
[EventCountry "NET"]
[SourceTitle "EXT 2022"]
[Source "ChessBase"]
[SourceDate "2021.10.06"]
[SourceVersion "1"]
[SourceVersionDate "2021.10.06"]
[SourceQuality "1"]

1. d4 Nf6 2. c4 e6 3. Nf3 d5 4. Nc3 Nbd7 5. Bf4 Bb4 6. Nd2 0-0 7. e3 c5 8. dxc5 Nxc5 9. Qc2 Nfe4 10. Ndxe4 dxe4 11. Be2 Qf6 12. Rc1 e5 13. Bg3 Bf5 14. 0-0 Bxc3 15. Qxc3 Rfe8 16. Rcd1 Nd3 17. f3 Qb6 18. Bxd3 exd3 19. Bf2 e4 20. fxe4 Bxe4 21. c5 Qg6 22. g3 Qh5 23. Be1 Qxd1 24. Qc4 Qh5 25. Bc3 Bd5 26. Qd4 f6 0-1

[Event "FIDE World Uni Blitz-D 1st"]
[Site "Tornelo INT"]
[Date "2021.03.13"]
[Round "6.16"]
[White "Elistratov, Semen"]
[Black "Du, Yuxin"]
[Result "1/2-1/2"]
[WhiteElo "2401"]
[BlackElo "2014"]
[PlyCount "86"]
[EventDate "2021.03.13"]
[EventType "swiss (blitz)"]
[EventRounds "10"]
[EventCountry "NET"]
[SourceTitle "EXT 2022"]
[Source "ChessBase"]
[SourceDate "2021.10.06"]
[SourceVersion "1"]
[SourceVersionDate "2021.10.06"]
[SourceQuality "1"]

1. e4 c6 2. d4 d5 3. exd5 cxd5 4. c4 Nf6 5. Nc3 Nc6 6. Bg5 e6 7. Nf3 Be7 8. Bd3 dxc4 9. Bxc4 0-0 10. 0-0 Nd5 11. Bd2 Bf6 12. Nxd5 exd5 13. Bd3 Bg4 14. Be3 Bxf3 15. Qxf3 Nxd4 16. Bxd4 Bxd4 17. Bxh7+ Kxh7 18. Qd3+ Kg8 19. Qxd4 Qa5 20. Rfd1 Rfd8 21. Rd3 Re8 22. b4 Qb6 23. Qxb6 axb6 24. g3 Re4 25. Rxd5 Rxb4 26. Rd7 Ra7 27. Re1 Rb5 28. Re8+ Kh7 29. Rxf7 Rxa2 30. Ree7 Rg5 31. h4 Rg4 32. Kg2 Rb2 33. Kh3 Rg6 34. f4 Rb3 35. h5 Rbxg3+ 36. Kh2 Rg2+ 37. Kh3 R2g3+ 38. Kh2 Rg2+ 39. Kh3 R6g3+ 40. Kh4 Rg4+ 41. Kh3 R4g3+ 42. Kh4 Rg4+ 43. Kh3 R4g3+ 1/2-1/2

[Event "FIDE World Uni Blitz-D 1st"]
[Site "Tornelo INT"]
[Date "2021.03.13"]
[Round "4.12"]
[White "Elistratov, Semen"]
[Black "Vujcic, Milena"]
[Result "1-0"]
[WhiteElo "2401"]
[BlackElo "2069"]
[PlyCount "119"]
[EventDate "2021.03.13"]
[EventType "swiss (blitz)"]
[EventRounds "10"]
[EventCountry "NET"]
[SourceTitle "EXT 2022"]
[Source "ChessBase"]
[SourceDate "2021.10.06"]
[SourceVersion "1"]
[SourceVersionDate "2021.10.06"]
[SourceQuality "1"]

1. e4 e5 2. Nf3 Nc6 3. Bb5 a6 4. Ba4 Nf6 5. 0-0 Nxe4 6. d4 exd4 7. Re1 d5 8. Nfd2 Be7 9. Nxe4 dxe4 10. Rxe4 b5 11. Bb3 0-0 12. Qf3 Be6 13. Rxe6 fxe6 14. Qxc6 Bd6 15. Qe4 c5 16. c4 Qf6 17. f3 Rae8 18. Nd2 Bxh2+ 19. Kxh2 Qh6+ 20. Kg1 Rf4 21. Nf1 Rxe4 22. Bxh6 Re2 23. Bd2 d3 24. a4 Rb8 25. axb5 axb5 26. cxb5 Rxb5 27. Bc4 Rxb2 28. Rd1 Rb6 29. Bxd3 Re5 30. Bc4 Kf7 31. Re1 Rxe1 32. Bxe1 Kf6 33. Ne3 Ke5 34. Kf2 Kd4 35. Be2 Rb2 36. Nd1 Ra2 37. Bc3+ Kd5 38. Ne3+ Kd6 39. Nc4+ Kc6 40. Nd2 Ra3 41. Ne4 Kd5 42. Ke3 c4 43. g4 e5 44. Bd1 h6 45. Bc2 g6 46. Kd2 h5 47. gxh5 gxh5 48. Nf6+ Kc5 49. Nxh5 Ra7 50. Bxe5 Rd7+ 51. Ke3 Rf7 52. f4 Kb4 53. Ng3 Ka3 54. Ne4 Rb7 55. f5 Ka2 56. f6 c3 57. Nxc3+ Kb2 58. Be4 Rf7 59. Nd5+ Kb3 60. Bg6 1-0

[Event "FIDE World Uni Blitz-D 1st"]
[Site "Tornelo INT"]
[Date "2021.03.13"]
[Round "5.5"]
[White "Srijit, Paul"]
[Black "Elistratov, Semen"]
[Result "1-0"]
[WhiteElo "2312"]
[BlackElo "2401"]
[PlyCount "81"]
[EventDate "2021.03.13"]
[EventType "swiss (blitz)"]
[EventRounds "10"]
[EventCountry "NET"]
[SourceTitle "EXT 2022"]
[Source "ChessBase"]
[SourceDate "2021.10.06"]
[SourceVersion "1"]
[SourceVersionDate "2021.10.06"]
[SourceQuality "1"]

1. e4 c5 2. Nf3 d6 3. d4 cxd4 4. Nxd4 Nf6 5. Nc3 a6 6. h3 e6 7. g4 Nc6 8. Bg2 Nd7 9. Nde2 Qc7 10. 0-0 b5 11. Bg5 b4 12. Nd5 exd5 13. exd5 Ne7 14. Nd4 h6 15. Bxe7 Bxe7 16. Re1 Ne5 17. f4 0-0 18. fxe5 dxe5 19. Nc6 Bd6 20. Rf1 Bd7 21. Qd3 Bxc6 22. dxc6 Rad8 23. Qc4 Kh8 24. Rad1 a5 25. Rd5 Be7 26. Rfd1 Rxd5 27. Rxd5 e4 28. Rd7 Qb6+ 29. Kh1 Bg5 30. Qxe4 Qf2 31. Rd1 Qg3 32. Qf3 Qe5 33. Qf5 Qg3 34. Rf1 Bd8 35. Qf4 Qh4 36. c7 Bg5 37. Qf5 Qg3 38. c8Q Rxc8 39. Qxc8+ Kh7 40. Be4+ g6 41. Rxf7# 1-0

[Event "Koper Univ Cup 1st"]
[Site "Koper"]
[Date "2019.04.20"]
[Round "1"]
[White "Elistratov, Semen"]
[Black "Dasic, Jelena"]
[Result "1-0"]
[WhiteElo "2405"]
[BlackElo "1794"]
[PlyCount "39"]
[EventDate "2019.04.20"]
[EventType "swiss (rapid)"]
[EventRounds "9"]
[EventCountry "SLO"]
[SourceTitle "CBM 190 Extra"]
[Source "ChessBase"]
[SourceDate "2019.07.15"]
[SourceVersion "1"]
[SourceVersionDate "2019.07.15"]
[SourceQuality "1"]

1. e4 e6 2. d4 d5 3. Nd2 Nf6 4. e5 Nfd7 5. Bd3 c5 6. c3 Nc6 7. Ngf3 Be7 8. 0-0 0-0 9. Re1 Qb6 10. Nf1 Rd8 11. Ng3 Nf8 12. b3 Ng6 13. Be3 cxd4 14. cxd4 f6 15. exf6 Bxf6 16. Nh5 Bxd4 17. Nxd4 Nxd4 18. Bxg6 hxg6 19. Bxd4 Qd6 20. Ng3 1-0

[Event "Koper Univ Cup 1st"]
[Site "Koper"]
[Date "2019.04.20"]
[Round "5"]
[White "Elistratov, Semen"]
[Black "Zajic, Milan"]
[Result "1/2-1/2"]
[WhiteElo "2405"]
[BlackElo "2507"]
[PlyCount "104"]
[EventDate "2019.04.20"]
[EventType "swiss (rapid)"]
[EventRounds "9"]
[EventCountry "SLO"]
[SourceTitle "CBM 190 Extra"]
[Source "ChessBase"]
[SourceDate "2019.07.15"]
[SourceVersion "1"]
[SourceVersionDate "2019.07.15"]
[SourceQuality "1"]

1. e4 g6 2. d4 Bg7 3. Nc3 c6 4. f4 d5 5. e5 h5 6. Nf3 Bg4 7. h3 Bxf3 8. Qxf3 e6 9. Be3 h4 10. Bd3 Nd7 11. 0-0 Ne7 12. Ne2 Nf5 13. Bf2 Bf8 14. b3 a5 15. c4 Be7 16. Rfb1 Kf8 17. a3 Kg7 18. Nc3 Rc8 19. Nd1 Ra8 20. Rc1 Rc8 21. Nb2 Qb6 22. c5 Qd8 23. b4 b5 24. a4 bxa4 25. b5 cxb5 26. Bxb5 Rb8 27. Qd3 Qc7 28. Nxa4 g5 29. fxg5 Bxg5 30. Rcb1 Nf8 31. Nb6 Ng6 32. Nxd5 Qd8 33. Nc3 Bf4 34. Ne4 Bg3 35. Bxg3 hxg3 36. Nd6 Qh4 37. Qxf5 Qxd4+ 38. Kh1 Rxh3+ 39. gxh3 g2+ 40. Kh2 g1Q+ 41. Rxg1 Qb2+ 42. Rg2 Qxg2+ 43. Kxg2 exf5 44. Rxa5 Nxe5 45. Ra7 Kf6 46. c6 Ke6 47. c7 Rg8+ 48. Kf2 Kxd6 49. Be2 Nc6 50. c8Q Rxc8 51. Rxf7 Nd4 52. Bd3 Rh8 1/2-1/2

[Event "Koper Univ Cup 1st"]
[Site "Koper"]
[Date "2019.04.20"]
[Round "2"]
[White "Zajic, Milun"]
[Black "Elistratov, Semen"]
[Result "0-1"]
[WhiteElo "2044"]
[BlackElo "2405"]
[PlyCount "68"]
[EventDate "2019.04.20"]
[EventType "swiss (rapid)"]
[EventRounds "9"]
[EventCountry "SLO"]
[SourceTitle "CBM 190 Extra"]
[Source "ChessBase"]
[SourceDate "2019.07.15"]
[SourceVersion "1"]
[SourceVersionDate "2019.07.15"]
[SourceQuality "1"]

1. c4 e5 2. g3 Nf6 3. Bg2 d5 4. cxd5 Nxd5 5. Nc3 Nb6 6. d3 Be7 7. Nf3 Nc6 8. 0-0 0-0 9. a3 Be6 10. b4 a5 11. b5 Nd4 12. Rb1 f6 13. e3 Nxf3+ 14. Bxf3 Qc8 15. Qe2 Rd8 16. Rd1 Bf8 17. Bb2 Rb8 18. Rd2 c5 19. Rc1 Qd7 20. Ne4 Qxb5 21. Qd1 Bb3 22. Qf1 c4 23. d4 Na4 24. Be2 Rbc8 25. Rc3 Nxc3 26. Nxc3 Qe8 27. d5 b5 28. Ne4 f5 29. Ng5 c3 30. Bxc3 Rxc3 31. Nxh7 Kxh7 32. Qh3+ Kg8 33. Bh5 Rc1+ 34. Kg2 g6 0-1

[Event "Moscow-chT"]
[Site "Moscow"]
[Date "2018.09.29"]
[Round "6.3"]
[White "Elistratov, Semen"]
[Black "Klukin, Kirill"]
[Result "1-0"]
[WhiteElo "2400"]
[BlackElo "2293"]
[PlyCount "121"]
[EventDate "2018.09.20"]
[EventType "team-swiss"]
[EventRounds "7"]
[EventCountry "RUS"]
[SourceTitle "CBM 186 Extra"]
[Source "ChessBase"]
[SourceDate "2018.08.24"]
[SourceVersion "1"]
[SourceVersionDate "2018.08.24"]
[SourceQuality "1"]
[WhiteTeam "MGU"]
[BlackTeam "Botvinnik Chess School"]
[WhiteTeamCountry "RUS"]
[BlackTeamCountry "RUS"]

1. Nf3 c5 2. g3 Nc6 3. Bg2 g6 4. c4 Bg7 5. Nc3 d6 6. d3 Nh6 7. h4 Nf5 8. h5 e6 9. Bg5 Qb6 10. Ne4 h6 11. Bf6 Bxf6 12. Nxf6+ Ke7 13. Ne4 g5 14. Qd2 f6 15. 0-0 Bd7 16. Nh2 Raf8 17. Ng4 Qb4 18. Nc3 Ne5 19. a3 Qb3 20. Ne3 Nxe3 21. Qxe3 Ng4 22. Qd2 Bc6 23. e4 Rhg8 24. Qe2 Ne5 25. f4 gxf4 26. gxf4 Nd7 27. f5 e5 28. Kh2 Rg5 29. Bf3 Rfg8 30. Rg1 a6 31. Qd2 Qb6 32. Raf1 Qd8 33. Nd1 Rxg1 34. Rxg1 Rxg1 35. Kxg1 Qg8+ 36. Kf2 Qg5 37. Qa5 Qc1 38. Ke1 Qf4 39. Be2 Qc1 40. b4 cxb4 41. axb4 Qb1 42. Kf2 Qb3 43. Ne3 Qc3 44. Ng4 Qd4+ 45. Kf3 Nb6 46. c5 dxc5 47. Qxb6 cxb4 48. Qc7+ Qd7 49. Qa5 Qd4 50. Qa2 Qd6 51. Qg8 Be8 52. Qg7+ Kd8 53. Nxf6 Qe7 54. Nxe8 Kxe8 55. Qg6+ Qf7 56. Bd1 Ke7 57. Qxf7+ Kxf7 58. d4 Kf6 59. d5 b5 60. Ke3 Ke7 61. Kd2 1-0

[Event "St Petersburg Summer op"]
[Site "St Petersburg"]
[Date "2017.08.24"]
[Round "9"]
[White "Elistratov, Semen"]
[Black "Ponkratov, Pavel"]
[Result "1/2-1/2"]
[WhiteElo "2406"]
[BlackElo "2590"]
[PlyCount "81"]
[EventDate "2017.08.16"]
[EventType "swiss"]
[EventRounds "9"]
[EventCountry "RUS"]
[SourceTitle "CBM 180 Extra"]
[Source "ChessBase"]
[SourceDate "2017.10.06"]
[SourceVersion "1"]
[SourceVersionDate "2017.10.06"]
[SourceQuality "1"]

1. Nf3 Nf6 2. g3 c5 3. Bg2 Nc6 4. c4 d5 5. cxd5 Nxd5 6. Nc3 Nc7 7. 0-0 e5 8. d3 Be7 9. Nd2 Bd7 10. Nc4 f6 11. f4 b5 12. Ne3 exf4 13. Nf5 b4 14. Nxe7 Qxe7 15. Bxf4 bxc3 16. Bxc7 cxb2 17. Rb1 Rc8 18. Bf4 g5 19. Bd2 Qe5 20. e3 Rb8 21. Qh5+ Ke7 22. Kh1 Rb6 23. Qh6 Nd8 24. d4 cxd4 25. exd4 Qxd4 26. Qg7+ Nf7 27. Rbe1+ Re6 28. Bxg5 Rxe1 29. Bxf6+ Kd6 30. Rxe1 Qd2 31. Rf1 Bc6 32. Be7+ Kc7 33. Bd6+ Kb6 34. Bc7+ Kxc7 35. Qxf7+ Qd7 36. Qf4+ Qd6 37. Qf7+ Qd7 38. Qf4+ Qd6 39. Qf7+ Qd7 40. Qf4+ Qd6 41. Qf7+ 1/2-1/2

[Event "St Petersburg Summer op"]
[Site "St Petersburg"]
[Date "2017.08.23"]
[Round "8"]
[White "Elistratov, Semen"]
[Black "Kokarev, Dmitry"]
[Result "0-1"]
[WhiteElo "2406"]
[BlackElo "2617"]
[PlyCount "46"]
[EventDate "2017.08.16"]
[EventType "swiss"]
[EventRounds "9"]
[EventCountry "RUS"]
[SourceTitle "CBM 180 Extra"]
[Source "ChessBase"]
[SourceDate "2017.10.06"]
[SourceVersion "1"]
[SourceVersionDate "2017.10.06"]
[SourceQuality "1"]

1. e4 e6 2. d4 d5 3. Nd2 c5 4. exd5 Qxd5 5. dxc5 Nf6 6. Ngf3 Qxc5 7. Bd3 Nbd7 8. 0-0 Qc7 9. Qe2 Nc5 10. Bc4 Bd6 11. b3 0-0 12. Bb2 b6 13. a4 Bb7 14. h3 Rad8 15. Ne5 Nce4 16. Ndf3 Bc5 17. Qe1 Nxf2 18. Rxf2 Ne4 19. Ng4 f5 20. Ne3 Nxf2 21. Qxf2 f4 22. Qh4 Bxf3 23. gxf3 fxe3 0-1

[Event "St Petersburg Summer op"]
[Site "St Petersburg"]
[Date "2017.08.22"]
[Round "7"]
[White "Apryshko, Gleb"]
[Black "Elistratov, Semen"]
[Result "0-1"]
[WhiteElo "2337"]
[BlackElo "2406"]
[PlyCount "62"]
[EventDate "2017.08.16"]
[EventType "swiss"]
[EventRounds "9"]
[EventCountry "RUS"]
[SourceTitle "CBM 180 Extra"]
[Source "ChessBase"]
[SourceDate "2017.10.06"]
[SourceVersion "1"]
[SourceVersionDate "2017.10.06"]
[SourceQuality "1"]

1. e4 c5 2. Nf3 d6 3. d4 cxd4 4. Nxd4 Nf6 5. Nc3 a6 6. Nb3 g6 7. Be2 Bg7 8. g4 Nc6 9. g5 Nd7 10. h4 b5 11. h5 Bb7 12. Be3 Nb6 13. f4 Na4 14. Nxa4 bxa4 15. Nd4 0-0 16. hxg6 hxg6 17. Nxc6 Bxc6 18. Bd4 Qa5+ 19. c3 e5 20. b4 axb3 21. axb3 Qc7 22. fxe5 dxe5 23. Bf2 Bxe4 24. Rh3 Rfd8 25. Qc1 Bf5 26. Rh4 e4 27. Rxa6 Qxc3+ 28. Qxc3 Bxc3+ 29. Kf1 Rxa6 30. Bxa6 Bd2 31. Rh2 Bxg5 0-1

[Event "St Petersburg Summer op"]
[Site "St Petersburg"]
[Date "2017.08.19"]
[Round "4"]
[White "Elistratov, Semen"]
[Black "Kozionov, Kirill"]
[Result "1-0"]
[WhiteElo "2406"]
[BlackElo "2448"]
[PlyCount "61"]
[EventDate "2017.08.16"]
[EventType "swiss"]
[EventRounds "9"]
[EventCountry "RUS"]
[SourceTitle "CBM 180 Extra"]
[Source "ChessBase"]
[SourceDate "2017.10.06"]
[SourceVersion "1"]
[SourceVersionDate "2017.10.06"]
[SourceQuality "1"]

1. e4 e5 2. Nf3 Nc6 3. Bb5 g6 4. d4 exd4 5. Bg5 Be7 6. Bxe7 Qxe7 7. Bxc6 dxc6 8. Qxd4 Nf6 9. Nc3 Bg4 10. 0-0-0 Bxf3 11. gxf3 0-0 12. Qe3 Rfe8 13. f4 b5 14. f3 a5 15. h4 a4 16. h5 b4 17. hxg6 fxg6 18. Nxa4 Ra5 19. Qd3 Qf7 20. b3 c5 21. Rdg1 c4 22. Qd4 c5 23. Qd6 Kh8 24. f5 gxf5 25. e5 Nd7 26. f4 cxb3 27. axb3 c4 28. Rh6 Rd5 29. Qc6 Nxe5 30. fxe5 Rdxe5 31. Rxh7+ 1-0

[Event "St Petersburg Summer op"]
[Site "St Petersburg"]
[Date "2017.08.16"]
[Round "1"]
[White "Zemnitskiy, Alexander"]
[Black "Elistratov, Semen"]
[Result "0-1"]
[WhiteElo "1990"]
[BlackElo "2406"]
[PlyCount "72"]
[EventDate "2017.08.16"]
[EventType "swiss"]
[EventRounds "9"]
[EventCountry "RUS"]
[SourceTitle "CBM 180 Extra"]
[Source "ChessBase"]
[SourceDate "2017.10.06"]
[SourceVersion "1"]
[SourceVersionDate "2017.10.06"]
[SourceQuality "1"]

1. d4 Nf6 2. Nf3 d5 3. c4 e6 4. Nc3 Nbd7 5. Bg5 h6 6. Bh4 Be7 7. e3 0-0 8. Rc1 Re8 9. Bd3 dxc4 10. Bxc4 a6 11. a4 c5 12. 0-0 cxd4 13. exd4 Nb6 14. Bb3 Bd7 15. Ne5 Rc8 16. Qf3 Bc6 17. Nxc6 Rxc6 18. Rfd1 Nfd5 19. Bg3 Bg5 20. Rc2 Qe7 21. Ne4 Rxc2 22. Bxc2 Bh4 23. Be5 Nc4 24. g3 f6 25. Bf4 f5 26. gxh4 fxe4 27. Qxe4 Nxf4 28. Qxf4 Rf8 29. Qe4 Qf6 30. Qh7+ Kf7 31. Bb3 b5 32. axb5 axb5 33. Bc2 Ke7 34. f3 Ne3 35. Rd2 Qxf3 36. Qxg7+ Rf7 0-1

[Event "Samara Polugaevsky Memorial 7th"]
[Site "Samara"]
[Date "2017.07.14"]
[Round "7"]
[White "Karpeshov, Oleg Mikhailovich"]
[Black "Elistratov, Semen"]
[Result "0-1"]
[WhiteElo "2324"]
[BlackElo "2401"]
[PlyCount "82"]
[EventDate "2017.07.08"]
[EventType "swiss"]
[EventRounds "9"]
[EventCountry "RUS"]
[SourceTitle "EXT 2018"]
[Source "ChessBase"]
[SourceDate "2017.10.13"]
[SourceVersion "1"]
[SourceVersionDate "2017.10.13"]
[SourceQuality "1"]

1. d4 Nf6 2. c4 e6 3. Nc3 Bb4 4. e3 0-0 5. Bd3 d5 6. cxd5 exd5 7. Nge2 Re8 8. Bd2 Bd6 9. Qc2 a6 10. Rd1 Nbd7 11. Qb1 h6 12. b4 b6 13. b5 axb5 14. Nxb5 Bf8 15. Rc1 c5 16. f3 Ba6 17. a4 Bb7 18. Bc2 cxd4 19. exd4 Qe7 20. Bd1 Rxa4 21. Nc7 Rxd4 22. Nxe8 Nxe8 23. Bc3 Rh4 24. g3 Rc4 25. Kf2 Ne5 26. Bd4 Qf6 27. Bxe5 Bc5+ 28. Kg2 Qxe5 29. Nf4 Rb4 30. Qd3 Nd6 31. Bc2 Nc4 32. Qh7+ Kf8 33. Qh8+ Ke7 34. Rhe1 Ne3+ 35. Kh3 Rxf4 36. gxf4 Qxf4 37. Rxe3+ Bxe3 38. Rf1 Qc4 39. Re1 Bc8+ 40. Kg3 Qf4+ 41. Kg2 Bh3+ 0-1

[Event "Samara Polugaevsky Memorial 7th"]
[Site "Samara"]
[Date "2017.07.09"]
[Round "2"]
[White "Elistratov, Semen"]
[Black "Iliushkin, Evgeny"]
[Result "1-0"]
[WhiteElo "2401"]
[BlackElo "2229"]
[PlyCount "55"]
[EventDate "2017.07.08"]
[EventType "swiss"]
[EventRounds "9"]
[EventCountry "RUS"]
[SourceTitle "EXT 2018"]
[Source "ChessBase"]
[SourceDate "2017.10.13"]
[SourceVersion "1"]
[SourceVersionDate "2017.10.13"]
[SourceQuality "1"]

1. e4 c5 2. Nf3 e6 3. d4 cxd4 4. Nxd4 a6 5. Bd3 d6 6. 0-0 Be7 7. c4 Nf6 8. Nc3 0-0 9. Qe2 Nc6 10. Nxc6 bxc6 11. f4 e5 12. f5 Bb7 13. Bg5 Nd7 14. Be3 Bg5 15. Bf2 Bh4 16. g3 Bf6 17. Rad1 a5 18. Bc2 Qc7 19. b3 Rfd8 20. Qe3 Nc5 21. Rd2 Qe7 22. h4 g5 23. Rfd1 gxh4 24. gxh4 Bxh4 25. Bxh4 Qxh4 26. Rh2 Qf4 27. Qh3 Kf8 28. Rg2 1-0

[Event "Samara Polugaevsky Memorial 7th"]
[Site "Samara"]
[Date "2017.07.08"]
[Round "1"]
[White "Sergeeva, Natalia"]
[Black "Elistratov, Semen"]
[Result "0-1"]
[WhiteElo "2000"]
[BlackElo "2401"]
[PlyCount "78"]
[EventDate "2017.07.08"]
[EventType "swiss"]
[EventRounds "9"]
[EventCountry "RUS"]
[SourceTitle "EXT 2018"]
[Source "ChessBase"]
[SourceDate "2017.10.13"]
[SourceVersion "1"]
[SourceVersionDate "2017.10.13"]
[SourceQuality "1"]

1. e4 e5 2. Nf3 Nc6 3. Bb5 a6 4. Ba4 Nf6 5. 0-0 Be7 6. d3 d6 7. c3 0-0 8. Re1 b5 9. Bc2 d5 10. Nbd2 d4 11. Nb3 Bg4 12. h3 Bh5 13. cxd4 exd4 14. Bf4 Bb4 15. Nbd2 Nd7 16. g4 Bg6 17. a3 Bd6 18. e5 Be7 19. Rc1 Nc5 20. Nf1 b4 21. Bh2 Qd5 22. Bb1 b3 23. Rc4 f5 24. N3d2 fxg4 25. hxg4 Bh4 26. Bg3 Bxg3 27. Nxg3 Kh8 28. Nge4 Nxe4 29. dxe4 Qe6 30. f3 Nxe5 31. Rb4 c5 32. Rxb3 c4 33. Rb4 c3 34. f4 cxd2 35. Rf1 Nxg4 36. Qxd2 Ne3 37. f5 Nxf1 38. Qxd4 Bxf5 39. Rb7 Qg6+ 0-1

[Event "Voronezh op-A 21st"]
[Site "Voronezh"]
[Date "2017.06.19"]
[Round "7"]
[White "Elistratov, Semen"]
[Black "Paravyan, David"]
[Result "0-1"]
[WhiteElo "2403"]
[BlackElo "2521"]
[PlyCount "80"]
[EventDate "2017.06.12"]
[EventType "swiss"]
[EventRounds "9"]
[EventCountry "RUS"]
[SourceTitle "EXT 2018"]
[Source "ChessBase"]
[SourceDate "2017.10.13"]
[SourceVersion "1"]
[SourceVersionDate "2017.10.13"]
[SourceQuality "1"]

1. e4 c5 2. Nf3 d6 3. d4 cxd4 4. Nxd4 Nf6 5. Nc3 a6 6. h3 h6 7. g4 b5 8. a4 b4 9. Nd5 e6 10. Nxf6+ Qxf6 11. Bg2 Bb7 12. Be3 Qd8 13. Qd2 Nd7 14. Nb3 a5 15. 0-0-0 Nb6 16. Bf1 Bc6 17. Nd4 Bxa4 18. b3 Bd7 19. Nb5 Nc8 20. e5 d5 21. f4 a4 22. Qd3 Be7 23. h4 axb3 24. cxb3 Ra5 25. Nd4 Ra2 26. f5 Qc7+ 27. Kb1 Qa5 28. Nc2 Na7 29. Bb6 Qxb6 30. Kxa2 Nb5 31. Kb2 0-0 32. Bg2 Rc8 33. g5 Rc3 34. Qe2 Qc7 35. Rd3 Na3 36. Nxa3 bxa3+ 37. Kb1 Bb5 38. Rxc3 Qxc3 39. Rh3 Qxh3 40. Bxh3 Bxe2 0-1

[Event "EU-ch 18th"]
[Site "Minsk"]
[Date "2017.06.10"]
[Round "11"]
[White "Djukic, Nikola"]
[Black "Elistratov, Semen"]
[Result "1/2-1/2"]
[WhiteElo "2526"]
[BlackElo "2417"]
[PlyCount "133"]
[EventDate "2017.05.30"]
[EventType "swiss"]
[EventRounds "11"]
[EventCountry "BLR"]
[SourceTitle "CBM 179"]
[Source "ChessBase"]
[SourceDate "2017.07.12"]
[SourceVersion "1"]
[SourceVersionDate "2017.07.12"]
[SourceQuality "1"]

1. e4 c5 2. Nf3 d6 3. d4 cxd4 4. Nxd4 Nf6 5. Nc3 a6 6. g3 g6 7. Bg2 Bg7 8. 0-0 0-0 9. h3 Bd7 10. Be3 Nc6 11. Nde2 Qc8 12. Kh2 Ne5 13. Bg5 Bc6 14. Nd5 Nxd5 15. exd5 Bd7 16. b3 Re8 17. Be3 Bg4 18. hxg4 Nxg4+ 19. Kg1 Nxe3 20. fxe3 Bxa1 21. Qxa1 Qxc2 22. Nd4 Qd2 23. Qe1 Qxe1 24. Rxe1 Rac8 25. Bh3 Rc5 26. e4 h5 27. Kf2 Kg7 28. Re2 Rh8 29. Nf3 Rc3 30. e5 dxe5 31. Rxe5 Rc2+ 32. Ke3 Kf6 33. Re4 Rxa2 34. Ne5 Ra3 35. Kd4 Kg7 36. Re3 Ra1 37. Nd3 Rh1 38. Bd7 h4 39. gxh4 R8xh4+ 40. Kc5 Kf8 41. Kb6 Rb1 42. Nc5 Rb4+ 43. Ka5 Rd4 44. Bc6 bxc6 45. dxc6 Rc1 46. Re5 Rd6 47. Kb6 f6 48. Re4 a5 49. Ra4 g5 50. Rxa5 g4 51. Kb7 Rxc6 52. Kxc6 Kf7 53. Ra2 f5 54. Kd5 Kf6 55. b4 Rd1+ 56. Kc6 Rb1 57. b5 f4 58. b6 g3 59. b7 Kf5 60. Ra5 Rxb7 61. Nxb7+ Kg4 62. Nc5 f3 63. Nd3 f2 64. Ra1 Kf3 65. Kd5 g2 66. Nxf2 Kxf2 67. Ke6 1/2-1/2

[Event "EU-ch 18th"]
[Site "Minsk"]
[Date "2017.06.03"]
[Round "5"]
[White "Elistratov, Semen"]
[Black "Moiseenko, Alexander"]
[Result "0-1"]
[WhiteElo "2417"]
[BlackElo "2677"]
[PlyCount "124"]
[EventDate "2017.05.30"]
[EventType "swiss"]
[EventRounds "11"]
[EventCountry "BLR"]
[SourceTitle "CBM 179"]
[Source "ChessBase"]
[SourceDate "2017.07.12"]
[SourceVersion "1"]
[SourceVersionDate "2017.07.12"]
[SourceQuality "1"]

1. e4 c5 2. Nf3 Nc6 3. Nc3 Nf6 4. Bb5 Qc7 5. 0-0 Nd4 6. Re1 a6 7. Bc4 e6 8. e5 b5 9. Bxe6 dxe6 10. exf6 Bb7 11. Nxd4 cxd4 12. Ne4 0-0-0 13. fxg7 Bxg7 14. d3 f5 15. Ng3 Qc6 16. f3 h5 17. Qe2 h4 18. Nf1 e5 19. h3 Bf6 20. Bd2 Rhg8 21. Kh1 Rg6 22. Nh2 Rdg8 23. Rg1 Kb8 24. a4 Qxc2 25. axb5 axb5 26. Rac1 Qb3 27. Ba5 R6g7 28. Rc5 e4 29. fxe4 fxe4 30. Qf2 Bg5 31. Qxd4 Bf4 32. Bd2 Bg3 33. Rc3 Qd5 34. Qxd5 Bxd5 35. Ng4 exd3 36. Rxd3 Rd8 37. Re3 Kb7 38. Bc3 Rf7 39. Be5 Bf2 40. Nxf2 Rxf2 41. Bd4 Bxg2+ 42. Rxg2 Rf1+ 43. Kh2 Rxd4 44. Re6 Rfd1 45. Rg7+ Rd7 46. Rxd7+ Rxd7 47. Kg2 Rd2+ 48. Kf3 Rxb2 49. Re4 Rb3+ 50. Kg4 Rc3 51. Re7+ Rc7 52. Re5 Rc4+ 53. Kf3 Kb6 54. Ke2 Rc3 55. Kd2 Rxh3 56. Rh5 Ka5 57. Kc2 Ka4 58. Rh8 Rh2+ 59. Kc3 b4+ 60. Kc4 Rc2+ 61. Kd3 Rc3+ 62. Kd2 h3 0-1